000 00207 a2200097 4500
001 6997
100 _aDanielson, G.L
245 _aRadio and line transmission
260 _a
_bIliffe
_c
090 _c5780
_d5780
942 _aNUST-CAE
_cM
_c32245
999 _c242070
_d242070